000 00558nam a2200205Ia 4500
003 GCL
008 140319s9999 xx 000 0 ara d
040 _aGCL /
_cGCL
082 0 4 _a616.992
_bن س
100 1 _aناصر عبدالله عوض
245 1 0 _aالسرطان والغذاء /
_cناصر عبدالله عوض
260 _a[S.N] :
_bدار ميرزا
300 _a144 ص
490 _a
650 0 4 _aالسرطان
650 0 4 _aتعاليم
650 0 4 _aالجوانب المناعية
650 0 4 _aالوقاية
942 _2ddc
_cBK
999 _c53603
_d53603